The English craft gilds and the government (Record no. 126485)
[ view plain ]
| 000 -LEADER | |
|---|---|
| fixed length control field | 01354nam a2200313Ia 4500 |
| 082 04 - DEWEY DECIMAL CLASSIFICATION NUMBER | |
| Classification number | 338.6/32/0942 |
| 100 1# - MAIN ENTRY--AUTHOR NAME | |
| Personal name | Kramer, Stella, |
| 245 14 - TITLE STATEMENT | |
| Title | The English craft gilds and the government |
| 260 ## - PUBLICATION, DISTRIBUTION, ETC. (IMPRINT) | |
| Place of publication | Kitchener, Ont. : |
| Name of publisher | Batoche, |
| Year of publication | 2000. |
| 300 ## - PHYSICAL DESCRIPTION | |
| Number of Pages | 116 p. |
| 500 ## - GENERAL NOTE | |
| General note | Reprint. Originally published : Studies in history, economics and public law, vol. 23, no. 4. New York: Columbia University Press, 1905. |
| 650 #0 - SUBJECT ADDED ENTRY--TOPICAL TERM | |
| Topical Term | Guilds |
| 856 40 - ELECTRONIC LOCATION AND ACCESS | |
| Uniform Resource Identifier | http://site.ebrary.com/lib/rucke/Doc?id=2001934 |
No items available.
